El juguete, el niño, el educador: roles del objeto en el desarrollo del niño y en el trabajo pedagógico

Saved in:
Bibliografiske detaljer
Hovedforfatter: Campagne, Francis (Author)
Format: Bog
Sprog:spansk
Udgivet: Bilbao Mensajero 1996
Serier:Colección Biblioteca Educación y Acción Social
Fag:
Tags: Tilføj Tag
Ingen Tags, Vær først til at tagge denne postø!

MARC

LEADER 00000nam a2200000 a 4500
001 UCP8857
003 CL-VaPUC
008 000317e19960000SP |||||||||||||||||spa|d
082 0 4 |a 371.102  |b CAM  |2 21 
100 0 |a Campagne, Francis  |e author  |9 439122 
245 1 3 |a El juguete, el niño, el educador: roles del objeto en el desarrollo del niño y en el trabajo pedagógico 
300 |a 135 p 
942 |c BK 
945 |d 20000317 00:00:00  |a rbrito 
260 |a Bilbao  |b Mensajero  |c 1996 
650 0 |a Aprendizaje   |9 254827 
650 0 |a Psicología del niño  |9 307305 
650 7 |a RELACION DOCENTE ALUMNO  |2 CL-VaPUC  |9 307734 
650 0 |a Juegos educativos  |9 307366 
583 |a last modification  |c 20130107 12:08:39  |k Rodrigo Vera 
490 0 |a Colección Biblioteca Educación y Acción Social 
999 |c 285736  |d 285734 
952 |0 0  |1 0  |4 0  |6 371_102000000000000_CAM_1996  |7 0  |8 A  |9 330505  |a BIBEDU  |b BIBEDU  |d 2019-11-20  |i 3596575  |o 371.102 CAM 1996  |p 3596575  |r 2019-11-20  |w 2019-11-20  |y BK  |k EPE